Yhdistetyt valtiot #4 - Statistics

Yleistilastot
  • Tätä visaa on pelattu 1 274 kertaa
  • Keskiarvotulos 15 / 20
Vastaukset kartalla
Vastauksille on annettu kartalla punavihreä väri sen mukaan, kuinka moni on saanut sen oikein.
 
Vastaustilastot
Valtio % Oikein
Yhdysvallat
92%
Meksiko
90%
Kazakstan
81%
Saksa
80%
Chile
79%
Tšad
79%
Italia
78%
Keski-Afrikan tasavalta
78%
Bolivia
77%
Alankomaat
76%
Kongon dem. tasavalta
76%
Sveitsi
76%
Uzbekistan
75%
Jemen
73%
Oman
73%
Uganda
63%
Ghana
60%
Norsunluurannikko
60%
Ukraina
52%
Moldova
50%
Ehtoja vastaavia visoja ei löytynyt
Tulosjakauma
Jokaisen tuloksen saaneiden osuus
Persentiili vastausten määrän mukaan
Tuloshistoriasi
Et ole pelannut tätä visaa